Odpady a ich zhodnocovanie v podmienkach SR bakalárska práca

Guardado en:
Detalles Bibliográficos
Autor principal: Novotná, Miroslava
Autor Corporativo: Fakulta podnikového manažmentu EU. Katedra manažmentu výroby a logistiky - zrušená
Otros Autores: Marečková, Zuzana
Formato: Libro
Lenguaje:eslovaco
Publicado: Bratislava 2011
Etiquetas: Agregar Etiqueta
Sin Etiquetas, Sea el primero en etiquetar este registro!

MARC

LEADER 00000nbm a2200000 4500
001 0162043
005 20121122104510.3
041 0 |a slo 
044 |a SK 
245 1 0 |a Odpady a ich zhodnocovanie v podmienkach SR  |b bakalárska práca  |c Miroslava Novotná ; školiteľ: Zuzana Marečková 
264 1 |a Bratislava  |c 2011 
300 |a 47 s. 
100 1 |a Novotná, Miroslava 
700 1 |a Marečková, Zuzana 
710 2 |a Fakulta podnikového manažmentu EU. Katedra manažmentu výroby a logistiky - zrušená